000 00505nam a22001817a 4500
005 20251108164345.0
008 250721s1995 xx 000 0 ara d
082 1 4 _a398.809565/زكي
100 1 _aالبوريني، زكية
245 1 0 _aخذني لصوبك يا بحر /
264 1 _aعمان :
_bوزارة الثقافة،
_c1995.
300 _a49ص
650 1 7 _aالشعر العربي
650 1 7 _aالشعر النبطي
650 1 7 _aالأردن
942 _2ddc
_cBK
999 _c10195
_d10195